[Event "Druzynowe Mistrzostwa Polski Juniorow - I Liga"]
[Site "Ustron"]
[Date "2011-06-28"]
[Round "4.30"]
[White "Dwilewicz, Katarzyna"]
[Black "Jaskiewicz, Kamila"]
[Result "1/2-1/2"]
[WhiteTitle "I"]
[BlackTitle "I"]
[WhiteElo "1599"]
[BlackElo "1620"]

1. e4 e6 2. d4 d5 3. Nd2 dxe4 4. Nxe4 Bd7 5. Nf3 Bc6 6. Bd3 Nd7 7. c3 Bxe4 8. Bxe4
c6 9. O-O Ngf6 10. Bc2 Be7 11. Bf4 O-O 12. Qe2 Qb6 13. Rfe1 Rfe8 14. Rad1 Rad8
15. h3 Kh8 16. Ng5 Kg8 17. Nxf7 Kxf7 18. Qxe6+ Kf8 19. Bb3 Nd5 20. Bd6 N7f6 21.
Bxd5 Nxd5 22. Bxe7+ Rxe7 23. Qf5+ Nf6 24. Rxe7 Kxe7 25. Re1+ Kf8 26. g4 h6 27.
h4 Qc7 28. g5 hxg5 29. hxg5 Rd5 30. Re5 Qd7 31. Rxd5 cxd5 32. Qf4 Qg4+ 33. Qxg4
Nxg4 34. Kg2 Kf7 35. Kg3 Nxf2 36. Kxf2 Kg6 37. b3 b5 38. Ke3 Kxg5 39. Kd3 Kf5
40. c4 bxc4+ 41. bxc4 dxc4+ 42. Kxc4 Ke6 43. d5+ Kd6 44. a4 a5 45. Kd4 g6 46.
Ke4 g5 47. Kf5 Kxd5 48. Kxg5 Kc4 49. Kf4 Kb4 50. Ke3 Kxa4 51. Kd2 Kb3 52. Kc1
a4 53. Kb1 a3 54. Ka1 a2 1/2-1/2